| 000 | 00906nam a2200205Ia 4500 | ||
|---|---|---|---|
| 003 | GCL | ||
| 008 | 140319s9999 xx 000 0 ara d | ||
| 040 |
_aGCL / _cGCL |
||
| 082 | 0 | 4 |
_a229.5 _bح ا |
| 100 | 1 | _aوفاء محمد رفعت جمعة | |
| 245 | 1 | 0 |
_aاخطاء يجب ان تصحح فى التاريخ جزيرة العرب الجزء الاول سيرة هود وصالح وشعيب وسليمان علم السلام واصحاب الاهدود واصحاب الحنبل / _cوفاء محمد رفعت جمعة |
| 700 | 1 | _aوفاء محمد ابراهيم | |
| 700 | 1 | _aجمال عبدالهادى محمد مسعود | |
| 260 |
_a[S.N] : _bالوفاء للطباعة والنشر ، _c1990 |
||
| 300 | _a237 ص | ||
| 490 |
_aنحو تاصيل اسلامى للتاريخ _v0 |
||
| 650 | 0 | 4 | _aالتاريخ الاسلامى |
| 650 | 0 | 4 | _aالقصص القرآنية |
| 942 |
_2ddc _cBK |
||
| 999 |
_c56059 _d56059 |
||